000 01233nam a2200157 4500
001 14078
005 20260422183321.0
010 _a9782842609917
090 _a14078
099 _o0
100 _a20260417d u||y0frey50 ba
200 _aLaetitia / Indign
_bLIVR
_fHugo Jannet
214 _cEditions théâtrales
330 _a« Le jour où t'entendras un maçon sur France Inter parler d'son taf, j'te file un RTT.» Hugo Jannet donne la parole aux marginaux, aux laissés-pour-compte d'un capitalisme écrasant, à ceux dont on dit qu'ils « ne sont rien », et dont les productions culturelles préfèrent rire. Deux textes percutants, âpres, à la langue musicale tissée d'argots, entre théâtre politique et récit intime. Laetitia Laetitia raconte à son petit frère sa précarité, le CAP peinture qu'elle doit suivre en attendant son procès, les conflits et soucis du quotidien, sa dépendance à la drogue, mais aussi la tendresse et la lumière Indigne Dans Indigne, c'est un petit entrepreneur en bâtiment qui monologue devant son jeune employé, faisant apparaître la rudesse de ses journées et sa lucidité sur les contradictions de la société.
610 _aprécarité
_aartisan
_apolitique
700 _aJannet
_bHugo